000 01104cab a2200253 4500
001 L136368
008 070129n2007 000 0 eng u
035 _a(Sirsi) u136368
041 0 _aeng
100 1 _aHillington, Robin
245 0 0 _aCompanies Act 2006
260 _c2007
490 0 _aSolicitors' Journal
_v151(1) 05 January 2007, 12-13(2)
490 0 _aSolicitors' Journal
_v151(2) 12 January 2007, 54(1)
490 0 _aSolicitors' Journal
_v151(3) 19 January 2007, 85-86(2)
520 _aDiscusses how the Companies Act 2006 makes it easier to set up a business, increases shareholder engagement, and makes the UK a more attractive place to invest in. Considers the shareholders' rights, legislation that applies to private companies, auditors' liability, reporting obligations, electronic communications and the part played by the Panel on Takeovers and Mergers.
650 2 4 _aCOMPANIES ACT 2006
650 2 4 _aCOMPANIES ACT 1985
651 4 _aEngland and Wales
_y1543-
690 _aMANAGEMENT-BUSINESS MANAGEMENT
700 1 _aAkhouh, Tim
700 1 _aGillett, Emily
942 _n0
999 _c78259
_d78259